| 000 | 00714nam a2200241Ia 4500 | ||
|---|---|---|---|
| 999 |
_c36356 _d36356 |
||
| 003 | GCL | ||
| 005 | 20240530103034.0 | ||
| 008 | 140319s9999 xx 000 0 ara d | ||
| 040 |
_aGCL / _cGCL |
||
| 082 | 0 | 4 |
_a909 _bل م |
| 100 | 1 | _aلانجر، وليام | |
| 245 | 1 | 0 |
_aموسوعة تاريخ العالم / _cلانجر، وليام |
| 260 |
_a[S.N] : _bمكتبة النهضة المصرية ، _c1900 |
||
| 300 | _a384 ص | ||
| 650 | 0 | 4 | _aدوائر المعارف |
| 650 | 0 | 4 | _aالعلوم الاجتماعية |
| 650 | 0 | 4 | _aالحضارة |
| 650 | 0 | 4 | _aالتاريخ |
| 650 | 0 | 4 | _aالثقافة |
| 650 | 0 | 4 | _aالاديان |
| 700 | 1 | _aمحمد مصطفى زيادة | |
| 942 |
_2ddc _cBK |
||